000 00574 a2200193 4500
999 _c4151
_d4151
020 _a9780330267144
050 _aPR6068 RUS 1982
100 _aRushdie, Salman
_eauthor
245 _aMidnight's Children/
_cSalman Rushdie
264 _aLondon
_bPicador
_c1982
300 _a462p. :
500 _aNovel
650 _aInfants switched at birth -- Fiction.
650 _aIslam -- Relations -- Hinduism -- Fiction.
650 _aHinduism -- Relations -- Islam -- Fiction.
650 _aChildren of the rich -- Fiction.
651 _aIndia
942 _2lcc
_cBK
_h6068
_iRUS
_kPR